000 00620nam a2200205Ia 4500
005 20250508162106.0
008 008 250505s9999 xx 000 0 eng d
037 _aBooks to be hide in OPAC
040 _aFEDL
_beng
_cFEDL
041 _aeng
_2eng
084 _a001.422, POP
_qFEDL
100 _aPopham W James
245 0 _aEducational statistics : Use and interpretation
260 _aNew York, USA
_bHarper and Row Publisher
_c1967
300 _ax,429p
490 _aExploration Series in Education
650 _aStatistical Methods
942 _cHB
_h001.422, POP
999 _c1374330
_d1374330